ზუსტი მექანიზმებისა და ხელსაწყოების ნაწილები (ბიბ.ჩანაწერი № 38824)
[ მარტივი ფორმატი ]
| 000 -LEADER | |
|---|---|
| fixed length control field | 00927nam a2200217Ia 4500 |
| 001 - CONTROL NUMBER | |
| control field | 5231 |
| 003 - CONTROL NUMBER IDENTIFIER | |
| control field | GE_BSU |
| 008 - FIXED-LENGTH DATA ELEMENTS--GENERAL INFORMATION | |
| fixed length control field | 181216s||||||||xx |||||||||||||| ||und|| |
| 040 ## - CATALOGING SOURCE | |
| Transcribing agency | GE_BSU |
| 080 ## - UNIVERSAL DECIMAL CLASSIFICATION NUMBER | |
| Universal Decimal Classification number | 681.2(075.8) |
| 100 ## - MAIN ENTRY--PERSONAL NAME | |
| Personal name | ხვინგია,მ. |
| 245 ## - TITLE STATEMENT | |
| Title | ზუსტი მექანიზმებისა და ხელსაწყოების ნაწილები |
| 245 ## - TITLE STATEMENT | |
| Remainder of title | ნაწ.1 დრეკადი ელემენტები, დამხმარე ნაწილები, გადაცემები |
| 245 ## - TITLE STATEMENT | |
| Statement of responsibility, etc. | რედ.ო.ეზიკაშვილი |
| 260 ## - PUBLICATION, DISTRIBUTION, ETC. | |
| Place of publication, distribution, etc. | თბილისი |
| 260 ## - PUBLICATION, DISTRIBUTION, ETC. | |
| Name of publisher, distributor, etc. | საქ. პოლიტ.ინს-ტი |
| 260 ## - PUBLICATION, DISTRIBUTION, ETC. | |
| Date of publication, distribution, etc. | 1960 |
| 300 ## - PHYSICAL DESCRIPTION | |
| Extent | 409გვ.ილ.22სმ. |
| 653 ## - INDEX TERM--UNCONTROLLED | |
| Uncontrolled term | ზუსტი მექანიზმებისა და ხელსაწყოების ნაწილები |
| 942 ## - ADDED ENTRY ELEMENTS (KOHA) | |
| Koha item type | წიგნი |
არაა ხელმისაწვდომი ეგზემპლარები.
